BIBLIOTECA

SENCICO

Física / (Registro nro. 603)

Detalles MARC
000 -LEADER
fixed length control field 01715nam a2200289Ia 4500
003 - CONTROL NUMBER IDENTIFIER
control field PE SENCICO BE
005 - DATE AND TIME OF LATEST TRANSACTION
control field 20251020182443.0
008 - FIXED-LENGTH DATA ELEMENTS--GENERAL INFORMATION
fixed length control field 200515s9999 xx 000 0 und d
020 ## - INTERNATIONAL STANDARD BOOK NUMBER
International Standard Book Number 968-18-5185-4
040 ## - CATALOGING SOURCE
Original cataloging agency PE SENCICO BE
Transcribing agency PE SENCICO BE
041 ## - LANGUAGE CODE
Language code of text/sound track or separate title spa
082 ## - DEWEY DECIMAL CLASSIFICATION NUMBER
Classification number 530
Item number C96
100 1# - MAIN ENTRY--PERSONAL NAME
Personal name Cutnell, John D.
9 (RLIN) 3334
Relator term autor
245 10 - TITLE STATEMENT
Title Física /
Statement of responsibility, etc. John D. Cutnell, Kenneth W. Johnson
250 ## - EDITION STATEMENT
Edition statement 1a ed.
260 ## - PUBLICATION, DISTRIBUTION, ETC.
Place of publication, distribution, etc. México, D.F. :
Name of publisher, distributor, etc. Limusa :
-- Noriega editores ;
Date of publication, distribution, etc. 1998
300 ## - PHYSICAL DESCRIPTION
Extent 943 páginas :
Other physical details ilustraciones, tablas, gráficos ;
Dimensions 27 cm.
505 0# - FORMATTED CONTENTS NOTE
Formatted contents note Cinemática en una dimensión -- Cinemática en dos dimensiones -- Fuerza y las leyes del movimiento de Newton -- Aplicación de las leyes del movimiento de Newton -- Dinámica del movimiento circular uniforme -- Trabajo y energía -- Impulso y cantidad de movimiento -- Cinemática rotacional -- Dinámica rotacional -- Elasticidad y movimiento armónico simple -- Estática de fluidos -- Dinámica de fluidos -- Temperatura y dilatación térmica -- Energía calorífica y cambios de fase -- Transferencia de calor -- La ley del gas y la teoría cinética de los gases -- Ley cero y primera ley de la termodinámica -- Segunda y tercera leyes de la termodinámica -- Introducción a las ondas -- Sonido -- El principio de la superposición lineal y fenómenos de la interferencia -- Campos y fuerzas eléctricas -- Energía potencial eléctrica y potencia eléctrico
650 10 - SUBJECT ADDED ENTRY--TOPICAL TERM
Topical term or geographic name entry element Física
9 (RLIN) 74
650 20 - SUBJECT ADDED ENTRY--TOPICAL TERM
Topical term or geographic name entry element Cinemática
9 (RLIN) 163
650 20 - SUBJECT ADDED ENTRY--TOPICAL TERM
Topical term or geographic name entry element Dinámica
9 (RLIN) 2153
650 20 - SUBJECT ADDED ENTRY--TOPICAL TERM
Topical term or geographic name entry element Ondas
9 (RLIN) 3315
650 20 - SUBJECT ADDED ENTRY--TOPICAL TERM
Topical term or geographic name entry element Termodinámica
9 (RLIN) 2123
650 20 - SUBJECT ADDED ENTRY--TOPICAL TERM
Topical term or geographic name entry element Física nuclear
9 (RLIN) 3335
700 1# - ADDED ENTRY--PERSONAL NAME
9 (RLIN) 3336
Personal name Johnson, Kenneth W.
Relator term autor
942 ## - ADDED ENTRY ELEMENTS (KOHA)
Koha item type Libros
Source of classification or shelving scheme Dewey Decimal Classification
Existencias
Fecha de la última vez que lo usaron Número de ingreso o de inventario Pago total Signatura topográfica completa Código de barras Precio efectivo desde Tipo de documento Estado perdido Sistema de clasificación Estado dañado No es para préstamo Retirado Ubicación permanente Ubicación actual Fecha de adquisición
15/05/2020 10268   530/C96 BibLima25100035 15/05/2020 Libros   Dewey Decimal Classification       Biblioteca Central Lima Biblioteca Central Lima 15/05/2020